| 000 | 00651nam a2200229Ia 4500 | ||
|---|---|---|---|
| 003 | OSt | ||
| 005 | 20220925232202.0 | ||
| 006 | a|||||r|||| 00| 0 | ||
| 007 | ta | ||
| 008 | 220923b |||||||| |||| 00| 0 eng d | ||
| 037 | _cGeneral Book | ||
| 040 |
_aRTL _cRTL _beng |
||
| 041 |
_2eng _aeng |
||
| 082 | _aY7691, L3 | ||
| 100 |
_aHalverson Alton C O _9296864 |
||
| 245 | 0 |
_aMadagascar _b Foot print at the end of the world |
|
| 260 |
_aMinnesata _bAngsburg Publishing House _c1973 |
||
| 300 |
_a112p _ccm. |
||
| 650 | _aAfrican Society | ||
| 942 |
_hY7691, L3 _cGB _2CC |
||
| 999 |
_c590575 _d590575 |
||